[Event "Ruhrgebiet Verbandsliga Gruppe 1 1617"]
[Site "Germany"]
[Date "2016.11.27"]
[Round "4.5"]
[White "Gross, Thomas"]
[Black "Jaehnicke, Karl Heinz"]
[Result "0-1"]
[WhiteElo "1951"]
[BlackElo "1720"]
[PlyCount "96"]
[EventDate "2016.09.04"]
[EventType "team-tourn"]
[EventRounds "9"]
[EventCountry "GER"]
[SourceTitle "EXT 2022"]
[Source "ChessBase"]
[SourceDate "2021.10.06"]
[SourceVersion "1"]
[SourceVersionDate "2021.10.06"]
[SourceQuality "1"]
[WhiteTeam "Oberhausen SV II"]
[BlackTeam "Eving SV Rochade"]
[WhiteTeamCountry "GER"]
[BlackTeamCountry "GER"]

1. Nf3 Nf6 2. g3 g6 3. b3 Bg7 4. Bb2 0-0 5. Bg2 d6 6. d4 Nbd7 7. 0-0 c5 8. c4 Qc7 9. Nc3 a6 10. e3 Rb8 11. Qe2 b6 12. Rac1 Bb7 13. Rfd1 Ba8 14. Nd5 Nxd5 15. cxd5 Bxd5 16. dxc5 Bxf3 17. Bxf3 bxc5 18. Bxg7 Kxg7 19. Qxa6 Rb6 20. Qe2 Qa7 21. Qb2+ Kg8 22. Ra1 Ne5 23. Be2 Qa5 24. f4 Nd7 25. a4 Nf6 26. Qc2 Rfb8 27. Bc4 Rd8 28. e4 Rbb8 29. h3 e6 30. f5 d5 31. exd5 exd5 32. Qb2 d4 33. fxg6 hxg6 34. Qf2 Rd6 35. g4 Nd5 36. Qf3 Rbd8 37. g5 Qa7 38. Rd3 Ne3 39. Bb5 Qe7 40. h4 Re6 41. Bc4 Nxc4 42. bxc4 Re1+ 43. Rxe1 Qxe1+ 44. Qf1 Qxh4 45. Qf6 Re8 46. Rf3 Re1+ 47. Kg2 Re2+ 48. Kf1 Qe1# 0-1

[Event "Ruhrgebiet Verbandsliga Gruppe 1 1617"]
[Site "Germany"]
[Date "2016.09.25"]
[Round "2.6"]
[White "Jaehnicke, Karl Heinz"]
[Black "Bals, Jochen"]
[Result "0-1"]
[WhiteElo "1720"]
[BlackElo "1842"]
[PlyCount "132"]
[EventDate "2016.09.04"]
[EventType "team-tourn"]
[EventRounds "9"]
[EventCountry "GER"]
[SourceTitle "EXT 2022"]
[Source "ChessBase"]
[SourceDate "2021.10.06"]
[SourceVersion "1"]
[SourceVersionDate "2021.10.06"]
[SourceQuality "1"]
[WhiteTeam "Eving SV Rochade"]
[BlackTeam "Kamen SV II"]
[WhiteTeamCountry "GER"]
[BlackTeamCountry "GER"]

1. d4 Nf6 2. c4 e6 3. Nf3 d5 4. Nc3 dxc4 5. e4 Bb4 6. e5 Nd5 7. Bd2 Bxc3 8. bxc3 b5 9. Qc2 Bb7 10. Be2 Nd7 11. a4 c6 12. 0-0 N7b6 13. a5 Nd7 14. Rfb1 Rb8 15. Ng5 Qe7 16. Bh5 g6 17. Bf3 a6 18. Ne4 h6 19. Nd6+ Kd8 20. Qc1 g5 21. Bh5 Rh7 22. g3 Rg7 23. Bf3 Kc7 24. Qe1 f5 25. Ra2 g4 26. Bg2 Rh8 27. Rab2 Ba8 28. Bxd5 cxd5 29. Bf4 Nb8 30. Qe3 h5 31. Bh6 Rg6 32. Bf4 h4 33. Nxf5 exf5 34. e6+ Kc6 35. Re1 hxg3 36. fxg3 Re8 37. Rbe2 Qf6 38. Be5 Qxe6 39. Qf4 Qd7 40. Bxb8 Rxe2 41. Rxe2 Bb7 42. Re8 Bc8 43. Qe5 Rg7 44. Rf8 Re7 45. Rf6+ Kb7 46. Qf4 Qe8 47. Rb6+ Ka8 48. Be5 Re6 49. Rb8+ Ka7 50. Rxc8 Qxc8 51. Qxf5 Qg8 52. Bc7 Re7 53. Bb6+ Kb7 54. Bc5 Qe6 55. Qf2 Qe1+ 56. Qf1 Qxf1+ 57. Kxf1 Re3 58. Bb4 Kc6 59. Kf2 Rd3 60. Kg2 Rd2+ 61. Kg1 Kd7 62. Bf8 Rd3 63. Kg2 Rd2+ 64. Kg1 Rc2 65. Bb4 Ke6 66. Kh1 Kf5 0-1

[Event "Ruhrgebiet Verbandsliga Gruppe 1 1617"]
[Site "Germany"]
[Date "2016.09.04"]
[Round "1.6"]
[White "Dreier, Daniel"]
[Black "Jaehnicke, Karl Heinz"]
[Result "1-0"]
[WhiteElo "1896"]
[BlackElo "1720"]
[PlyCount "65"]
[EventDate "2016.09.04"]
[EventType "team-tourn"]
[EventRounds "9"]
[EventCountry "GER"]
[SourceTitle "EXT 2022"]
[Source "ChessBase"]
[SourceDate "2021.10.06"]
[SourceVersion "1"]
[SourceVersionDate "2021.10.06"]
[SourceQuality "1"]
[WhiteTeam "Eichlinghofen SV"]
[BlackTeam "Eving SV Rochade"]
[WhiteTeamCountry "GER"]
[BlackTeamCountry "GER"]

1. d4 d5 2. Nf3 Nf6 3. c4 e6 4. Nc3 c6 5. g3 g6 6. Bg2 Bg7 7. 0-0 0-0 8. Bg5 h6 9. Bf4 dxc4 10. Ne5 Nd5 11. Bd2 Nb6 12. Nf3 N8d7 13. e4 Nf6 14. Qe2 Re8 15. Rad1 Qe7 16. h3 Nfd7 17. Be3 Kh7 18. Nh2 a5 19. f4 a4 20. a3 f5 21. g4 Ra5 22. Qd2 Ra8 23. Rde1 Qd6 24. Ne2 fxe4 25. Bxe4 Nf8 26. Qc2 Nd5 27. Bc1 b5 28. Nf3 Nf6 29. Bxg6+ Nxg6 30. Ne5 Ra7 31. Qxg6+ Kg8 32. g5 hxg5 33. fxg5 1-0

[Event "Dortmund Sparkassen op-B 44th"]
[Site "Dortmund"]
[Date "2016.07.17"]
[Round "9"]
[White "Jaehnicke, Karl Heinz"]
[Black "Sennholz, Michael"]
[Result "1-0"]
[WhiteElo "1740"]
[BlackElo "1637"]
[PlyCount "27"]
[EventDate "2016.07.09"]
[EventType "swiss"]
[EventRounds "9"]
[EventCountry "GER"]
[SourceTitle "CBM 173 Extra"]
[Source "ChessBase"]
[SourceDate "2016.08.29"]
[SourceVersion "1"]
[SourceVersionDate "2016.08.29"]
[SourceQuality "1"]

1. d4 d5 2. c4 Nf6 3. Nc3 Bf5 4. cxd5 Nxd5 5. e3 Nxc3 6. bxc3 e5 7. Qf3 Be6 8. Qxb7 Nd7 9. Nf3 exd4 10. Nxd4 Rb8 11. Qe4 Qf6 12. Bb5 Rxb5 13. Nxb5 Nc5 14. Qc6+ 1-0

[Event "Dortmund Sparkassen op-B 44th"]
[Site "Dortmund"]
[Date "2016.07.11"]
[Round "3"]
[White "Jaehnicke, Karl Heinz"]
[Black "Lueck, Kai"]
[Result "0-1"]
[WhiteElo "1740"]
[BlackElo "1951"]
[PlyCount "74"]
[EventDate "2016.07.09"]
[EventType "swiss"]
[EventRounds "9"]
[EventCountry "GER"]
[SourceTitle "CBM 173 Extra"]
[Source "ChessBase"]
[SourceDate "2016.08.29"]
[SourceVersion "1"]
[SourceVersionDate "2016.08.29"]
[SourceQuality "1"]

1. d4 Nf6 2. c4 g6 3. Nc3 d5 4. cxd5 Nxd5 5. e4 Nxc3 6. bxc3 Bg7 7. Nf3 c5 8. Bb5+ Bd7 9. Bxd7+ Qxd7 10. 0-0 cxd4 11. cxd4 Nc6 12. Be3 0-0 13. Qd2 f5 14. e5 Rfd8 15. Rad1 b6 16. Rfe1 e6 17. Bg5 Re8 18. h3 Qd5 19. h4 Rac8 20. Kh1 Bf8 21. Re2 Nb4 22. Qb2 Rc4 23. Rdd2 Rec8 24. a3 Nc6 25. Rc2 Na5 26. Bf6 Qc6 27. Ne1 b5 28. h5 a6 29. hxg6 hxg6 30. Qc1 Qd7 31. Qg5 Qh7+ 32. Kg1 Qh6 33. Qg3 R8c7 34. Qd3 Rh7 35. f3 Qh2+ 36. Kf2 Bh6 37. Rxc4 Nxc4 0-1

[Event "Dortmund Sparkassen op-B"]
[Site "Dortmund"]
[Date "2014.07.19"]
[Round "8"]
[White "Jaehnicke, Karl Heinz"]
[Black "Kracht, Raphael"]
[Result "1-0"]
[WhiteElo "1736"]
[BlackElo "1392"]
[PlyCount "61"]
[EventDate "2014.07.12"]
[EventType "swiss"]
[EventRounds "9"]
[EventCountry "GER"]
[SourceTitle "EXT 2022"]
[Source "ChessBase"]
[SourceDate "2021.10.06"]
[SourceVersion "1"]
[SourceVersionDate "2021.10.06"]
[SourceQuality "1"]

1. d4 Nf6 2. c4 g6 3. Nc3 Bg7 4. e4 d6 5. f3 0-0 6. Be3 e5 7. d5 a5 8. Qd2 Na6 9. Nge2 Nc5 10. Bxc5 dxc5 11. Ng3 Nh5 12. Nxh5 gxh5 13. 0-0-0 Qf6 14. Kb1 Qg6 15. Bd3 Bh6 16. Qc2 f5 17. exf5 Bxf5 18. Ne4 b6 19. g4 hxg4 20. fxg4 Bxe4 21. Bxe4 Qf7 22. g5 Bg7 23. Bxh7+ Kh8 24. Be4 Qf4 25. g6 Qf2 26. Qd3 Rf4 27. d6 cxd6 28. Bxa8 Rd4 29. Qh3+ Rh4 30. Qc8+ Bf8 31. Rhf1 1-0

[Event "Ruhrgebiet VK1 1112"]
[Site "Nordrheinwestfalen"]
[Date "2012.01.08"]
[Round "5"]
[White "Ball, Joerg"]
[Black "Jaehnicke, Karl Heinz"]
[Result "1-0"]
[WhiteElo "1889"]
[BlackElo "1767"]
[PlyCount "103"]
[EventDate "2012.09.18"]
[EventType "team-tourn"]
[EventRounds "9"]
[EventCountry "GER"]
[SourceTitle "EXT 2020"]
[Source "ChessBase"]
[SourceDate "2019.10.17"]
[SourceVersion "1"]
[SourceVersionDate "2019.10.17"]
[SourceQuality "1"]
[WhiteTeam "Listiger Bauer Essen"]
[BlackTeam "Listiger Bauer Essen"]
[WhiteTeamCountry "GER"]
[BlackTeamCountry "GER"]

1. e4 e5 2. f4 d6 3. Nf3 Bg4 4. Bc4 Bxf3 5. Qxf3 Qe7 6. 0-0 Nf6 7. Nc3 c6 8. d3 Nbd7 9. a4 g6 10. f5 Bg7 11. Be3 a6 12. Kh1 h6 13. fxg6 fxg6 14. Ne2 h5 15. Bg5 0-0-0 16. b4 Rdf8 17. b5 d5 18. exd5 cxd5 19. bxa6 Qc5 20. Be3 Qa5 21. axb7+ Kb8 22. Bb5 d4 23. Nxd4 exd4 24. Bxd4 Qc7 25. Qh3 Qd6 26. c3 Rh7 27. Rae1 Ng4 28. Rxf8+ Qxf8 29. Bxd7 Bxd4 30. Bxg4 Re7 31. Qg3+ Be5 32. Qf3 Rf7 33. Qe2 Bxc3 34. Qe8+ Qxe8 35. Rxe8+ Kxb7 36. Bf3+ Kb6 37. Re6+ Ka5 38. Rxg6 Kxa4 39. Rh6 Rd7 40. g3 Rxd3 41. Be4 Rd2 42. Rxh5 Kb3 43. g4 Bd4 44. g5 Kc3 45. g6 Rf2 46. Rh7 Kd2 47. Rf7 Rxf7 48. gxf7 Bg7 49. Kg2 Ke3 50. Kg3 Bf8 51. Kg4 Kd4 52. Kf5 1-0

[Event "Dortmund op"]
[Site "Dortmund"]
[Date "2006.03.16"]
[Round "6.7"]
[White "Mrozinski, Werner"]
[Black "Jaehnicke, Karl Heinz"]
[Result "1-0"]
[WhiteElo "1899"]
[BlackElo "1763"]
[PlyCount "51"]
[EventDate "2006.03.06"]
[EventType "swiss"]
[EventRounds "9"]
[EventCountry "GER"]
[SourceTitle "CBM 111 Extra"]
[Source "ChessBase"]
[SourceDate "2006.05.09"]
[SourceVersion "1"]
[SourceVersionDate "2006.05.09"]
[SourceQuality "1"]

1. e4 c6 2. c4 e6 3. Nf3 d5 4. cxd5 cxd5 5. e5 Nc6 6. d4 Bb4+ 7. Nc3 h6 8. Bd3 Bd7 9. 0-0 Bxc3 10. bxc3 g5 11. Be3 Nge7 12. Rb1 b6 13. c4 Nf5 14. Bxf5 exf5 15. cxd5 Na5 16. Bd2 g4 17. Bxa5 gxf3 18. Bb4 fxg2 19. Re1 Bb5 20. e6 h5 21. Qf3 Qf6 22. d6 Rb8 23. d7+ Kd8 24. e7+ Kc7 25. d8Q+ Rhxd8 26. exd8Q+ 1-0

[Event "Dortmund op"]
[Site "Dortmund"]
[Date "2006.03.13"]
[Round "4.17"]
[White "Raskin, Vitaly"]
[Black "Jaehnicke, Karl Heinz"]
[Result "1/2-1/2"]
[WhiteElo "1663"]
[BlackElo "1763"]
[PlyCount "127"]
[EventDate "2006.03.06"]
[EventType "swiss"]
[EventRounds "9"]
[EventCountry "GER"]
[SourceTitle "CBM 111 Extra"]
[Source "ChessBase"]
[SourceDate "2006.05.09"]
[SourceVersion "1"]
[SourceVersionDate "2006.05.09"]
[SourceQuality "1"]

1. d4 Nf6 2. c4 g6 3. Nc3 Bg7 4. Nf3 0-0 5. Bg5 d6 6. e4 Nbd7 7. Be2 c5 8. d5 Ng4 9. h3 Nge5 10. 0-0 Nxf3+ 11. Bxf3 Ne5 12. Be2 f6 13. Be3 f5 14. f4 Nf7 15. exf5 Bxf5 16. Bd3 Nh6 17. Bxf5 Nxf5 18. Bf2 Bd4 19. Bxd4 cxd4 20. Ne4 Ne3 21. Qxd4 Nxf1 22. Rxf1 Qd7 23. Ng5 Qf5 24. Ne6 Qf6 25. Qd2 Rfc8 26. b3 a5 27. f5 g5 28. Nxg5 Kh8 29. Qf4 a4 30. Qh4 h6 31. Nf3 Qxh4 32. Nxh4 Kg7 33. Nf3 axb3 34. axb3 Ra3 35. Nd4 Kf7 36. Re1 Rca8 37. Re6 Ra2 38. Rxh6 Rb2 39. Rh4 Raa2 40. Rg4 Kf6 41. h4 Rb1+ 42. Kh2 Raa1 43. Kg3 Rd1 44. Re4 Rd3+ 45. Kh2 Rad1 46. Re6+ Kf7 47. Nf3 Rxb3 48. h5 Rbb1 49. Kg3 b5 50. Ng5+ Kf8 51. h6 Rh1 52. cxb5 Rxb5 53. Nh3 Rxd5 54. h7 Kg7 55. Rxe7+ Kh8 56. f6 Rf5 57. f7 Rhf1 58. Re8+ Kxh7 59. Rd8 Kg7 60. Rxd6 Kxf7 61. Kg4 Ra5 62. Ng5+ Ke7 63. Re6+ Kd7 64. Re3 1/2-1/2